000 00749nam a2200241 a 4500
999 _c4308
_d4308
001 4308
003 BD-JhCC
005 20171126094133.0
008 171126s2007 bg a|||| |||| 000 0 ben d
020 _a984410498
035 _a(BD-JhCC) 4308
040 _aBD-JhCC
_dBD-JhCC
041 _aben
082 _a363.1926
_bFAR 2007
100 _aফারুক, শাহাগীর বখত
245 _aফুড হাইজিন /
_cশাহাগীর বখত ফারুক
260 _aঢাকা :
_bমাওলা ব্রাদার্স,
_c২০০৭.
300 _a১২৮ পৃ. :
_c২২ সেমি.
_bill. ;
650 _aFood safety measure
650 _aFood handling
942 _2ddc
_cBK